| 000 | 01038nam a2200313 a 4500 | ||
|---|---|---|---|
| 001 | 000110498 | ||
| 003 | CHAP | ||
| 005 | 20220329144136.0 | ||
| 008 | 140904s2008 mx a |r| ||||||spa d | ||
| 010 | _a106960 | ||
| 011 | _a107932 | ||
| 020 | _a9786074010459 | ||
| 040 | _cCHAP | ||
| 082 | 0 | 4 |
_a333.72097245 _bN28 |
| 245 | 1 | 0 |
_aNaturaleza y postdesarrollo : _bestudio sobre la Sierra Gorda de Querétaro (México) / _cpor José Luis Castilla Vallejo ... [et al.]. |
| 260 |
_aMéxico, D.F. : _bMiguel Ángel Porrúa _bUniversidad de la Laguna, _c2008. |
||
| 300 |
_a363 p. : _bil. |
||
| 590 |
_aE5995AHE _b05 _c20140904 _lUCH01 _h1115 |
||
| 590 |
_aE5995AHE _b05 _c20140904 _lUCH01 _h1209 |
||
| 590 |
_aE5995AHE _b05 _c20140904 _lUCH01 _h1257 |
||
| 590 |
_aE5995AHE _b05 _c20140904 _lUCH01 _h1259 |
||
| 590 |
_aE5995AHE _b05 _c20140904 _lUCH01 _h1404 |
||
| 650 | 1 | 4 |
_aRecursos naturales _xQuerétaro. _995309 |
| 650 | 1 | 4 |
_aSierras. _9105875 |
| 700 | 1 |
_aCastilla Vallejo, José Luis _9128287 |
|
| 901 | _aBK | ||
| 942 | _cLIBRO | ||
| 942 | _n0 | ||
| 999 |
_c106960 _d106960 |
||